Elektrownie w Polsce - Statystyki

Ogólne statystyki
  • Ten quiz został rozwiązany 311 razy
  • Średni wynik to 13 z 58
Statystyki odpowiedzi
Ranking Odpowiedź Paliwo % Poprawnych
1. Bełchatów węgiel brunatny
92%
7. Turów węgiel brunatny, biomasa
58%
9. Konin
52%
15. Konin
52%
19. Konin biomasa
52%
19. Konin
52%
2. Kozienice węgiel kamienny
52%
3. Solina wodna, Jezioro Solińskie
47%
3. Solina
47%
1. Żarnowiec wodna, Jezioro Żarnowieckie
40%
5. Włocławek wodna, Wisła
37%
5. Włocławek
37%
7. Bogatynia
36%
4. Jaworzno
36%
3. Opole węgiel kamienny, biomasa
34%
3. Opole
34%
6. Rybnik węgiel kamienny
30%
6. Rybnik
30%
5. Połaniec węgiel kamienny, biomasa
29%
8. Dolna Odra węgiel kamienny
28%
12. Ostrołęka
28%
4. Żydowo wodna, Jeziora Kamienne, Kwiecko
25%
4. Żydowo
25%
2. Porąbka-Żar wodna, Soła
23%
13. Adamów węgiel brunatny
17%
10. Łaziska węgiel kamienny
15%
11. Będzin
14%
6. Niedzica wodna, Jezioro Czorsztyńskie
13%
6. Niedzica
13%
13. Turek
13%
17. Stalowa Wola węgiel kamienny gaz ziemny
12%
17. Stalowa Wola
12%
1. Rogowiec
11%
7. Rożnów wodna, Dunajec
11%
7. Rożnów
11%
4. Jaworzno III węgiel kamienny
10%
8. Nowe Czarnowo
10%
18. Ruda Śląska
9%
11. Łagisza węgiel kamienny
8%
1. Margonin wiatrowa
8%
1. Margonin
8%
16. Skawina węgiel kamienny
8%
16. Skawina
8%
2. Świerże Górne
8%
14. Trzebinia
8%
3. Kamieńsk wiatrowa
6%
3. Kamieńsk
6%
18. Halemba węgiel kamienny
5%
10. Łaziska Górne
5%
12. Ostrołęka B węgiel kamienny, biomasa
5%
9. Pątnów I węgiel brunatny
5%
15. Pątnów II węgiel brunatny
5%
5. Zawada
5%
14. Siersza węgiel kamienny
4%
1. Czymanowo
3%
2. Karścino wiatrowa
3%
2. Karścino
3%
2. Międzybrodzie-Bialskie
3%
Nie znaleziono quizów pasujących do podanych kryteriów
Rozkład punktacji
Procent ludzi z każdym wynikiem
Percentyl według liczby udzielonych odpowiedzi
Twoja historia wyników
Nie rozwiązałeś tego quizu